Outsourcing laboratory based services : (Record no. 131676)
[ view plain ]
| 000 -LEADER | |
|---|---|
| fixed length control field | 00927nam a22002537a 4500 |
| 003 - CONTROL NUMBER IDENTIFIER | |
| control field | dpl |
| 005 - DATE AND TIME OF LATEST TRANSACTION | |
| control field | 20180709160407.0 |
| 008 - FIXED-LENGTH DATA ELEMENTS--GENERAL INFORMATION | |
| fixed length control field | 180623b xxu||||| |||| 00| 0 eng d |
| 010 ## - LIBRARY OF CONGRESS CONTROL NUMBER | |
| LC control number | B-225256 |
| 020 ## - INTERNATIONAL STANDARD BOOK NUMBER | |
| Terms of availability | 00.00 |
| International Standard Book Number | 9780070599376 |
| 035 ## - SYSTEM CONTROL NUMBER | |
| System control number | B-225256, B-225262, B-225257 |
| 037 ## - SOURCE OF ACQUISITION | |
| Source of stock number/acquisition | Cen Lib/Ret |
| 040 ## - CATALOGING SOURCE | |
| Original cataloging agency | DPL |
| Language of cataloging | EN |
| Transcribing agency | 0 |
| 082 ## - DEWEY DECIMAL CLASSIFICATION NUMBER | |
| Classification number | 658.57 |
| Item number | SUD |
| 100 ## - MAIN ENTRY--PERSONAL NAME | |
| Personal name | Sudesh Kumar, G. |
| 9 (RLIN) | 32454 |
| 245 ## - TITLE STATEMENT | |
| Title | Outsourcing laboratory based services : |
| Statement of responsibility, etc | by G. Sudesh Kumar |
| Remainder of title | inventing a new future for R and D and testing / |
| 260 ## - PUBLICATION, DISTRIBUTION, ETC. (IMPRINT) | |
| Name of publisher, distributor, etc | Tata McGraw-Hill Publishing |
| Place of publication, distribution, etc | New Delhi |
| Date of publication, distribution, etc | 2006 |
| 270 ## - ADDRESS | |
| City | New Delhi |
| Address | 7 west Patel Nagar |
| Postal code | 110008 |
| 300 ## - PHYSICAL DESCRIPTION | |
| Extent | xvii,198p. : |
| Dimensions | 24cm(Hb) |
| Other physical details | ill. |
| 500 ## - GENERAL NOTE | |
| General note | Includes bibliographical references and index<br/> |
| 650 ## - SUBJECT ADDED ENTRY--TOPICAL TERM | |
| Topical term or geographic name as entry element | Research -- Contracting out -- India |
| 9 (RLIN) | 32455 |
| 650 ## - SUBJECT ADDED ENTRY--TOPICAL TERM | |
| Topical term or geographic name as entry element | Research, Industrial -- Economic aspects -- India |
| 9 (RLIN) | 32456 |
| 942 ## - ADDED ENTRY ELEMENTS (KOHA) | |
| Source of classification or shelving scheme | Dewey Decimal Classification |
| Koha item type | English Books |
| Classification part | 658.57 |
| Call number suffix | SUD |
| Withdrawn status | Lost status | Damaged status | Not for loan | Home library | Current library | Date acquired | Source of acquisition | Cost, normal purchase price | Total Checkouts | Total Renewals | Full call number | Barcode | Date last seen | Date checked out | Copy number | Cost, replacement price | Price effective from | Koha item type | Source of classification or shelving scheme | Collection code |
|---|---|---|---|---|---|---|---|---|---|---|---|---|---|---|---|---|---|---|---|---|
| Central Library | Central Library | 15/07/2015 | Cen Lib/Ret | 0.00 | 1 | 2 | 658.57 SUD | B-225256 | 23/01/2020 | 11/12/2019 | 1 | 0.00 | 15/07/2015 | English Books | ||||||
| Patel Nagar | Patel Nagar | 09/07/2018 | BPPD/PUB | 0.00 | 658.57 SUD | , B-225257 | 09/07/2018 | 0.00 | 09/07/2018 | English Books | Dewey Decimal Classification | Non-fiction | ||||||||
| Shahdara Branch | Shahdara Branch | 23/06/2018 | BPPD/PUB | 0.00 | 658.57 SUD | B-225262 | 23/06/2018 | 0.00 | 23/06/2018 | English Books | Dewey Decimal Classification | Non-fiction |
